000
00304nam a22001217a 4500
082
_a
338bBEY
100
_a
L A Msambichaka
245
_a
Behond structure Adjustment program in Tanzania
260
_a
Tanzania
_b
Universty of Dare es salaam
300
_a
319
_b
ill,cm23
700
_a
G D Mjema
942
_c
BK
999
_c
17130
_d
17130